Responses for Show #5680 - Friday, April 24, 2009

Liz Murphy game 2.

Contestants

[<< previous game]

Peter Latouf, a state fair coordinator from Utica, Michigan

Evelyn Chester, a park ranger from Washington, D.C.

Liz Murphy, a foreign service officer originally from Scranton, Pennsylvania (whose 1-day cash winnings total $24,401)

[next game >>]

Jeopardy! Round responses

FICTION
SOUNDS LIKE A SNEEZE
THE PRESIDENT'S FIRST 100 DAYS
PADDLE
FASTER
I HEAR BANJOS
    $200 1
John Grisham

Liz
    $200 10
(Alex: "Chattanooga [*]", correct.)

choo choo

Liz
    $200 12
LBJ

Liz
    $200 19
clear

Peter
    $200 17
the Space Shuttle

Evelyn
    $200 6
Deliverance

Liz
    $400 2
The Exorcist

Liz
    $400 23
Pikachu

Peter
    $400 13
Reagan

Liz
    $400 20
surfing

Peter
    $400 18
(Peter: What is Utah?)
(Evelyn: What is Arizona?)

Nevada

EvelynPeter
Triple Stumper
    $400 7
(Alex: …he plays the banjo very well.)

Steve Martin

Triple Stumper
    $1,000 3
(Liz: What is Delhi? ...What is [*]?)

New Delhi

Liz
    $600 24
(Steven) Chu

Peter
    $600 14
(Jimmy) Carter

Liz
    $600 21
paddlewheel

Evelyn
    $600 28
a dragonfly

Evelyn
    $600 8
Stephen Foster

Liz
    $800 4
Ed McBain

Triple Stumper
    $800 25
the Manchu

Peter
    $800 15
FDR

Evelyn
    $800 22
table tennis (ping-pong)

Liz
    $800 29
(Alex: Not sure if I were on [*] I'd want to be towed that fast behind a car.)

a bicycle

Triple Stumper
    $800 9
(Liz: What is "Dixie Land"?)
[Later, during the contestant introductions]
(Alex: Good news for you, you responded "Dixie Land" a little while ago, and I said no because the song is [*] , not "Dixie Land", however it is known as "Dixie Land", so you're going to pick up a lot of money.)

"Dixie"

LizPeter
    $1000 5
(Liz: Who is Michael Crichton?)

Robin Cook

Liz
Triple Stumper
    $1000 26
eschew

Evelyn
    $1000 16
Truman

Liz
    $1000 27
Easter Island

Liz
    $1000 30
a helicopter

Triple Stumper
    $1000 11
"The Grand Old Opry"

Liz

Scores at the first commercial break (after clue 16):

Liz Evelyn Peter
$5,600 $800 $800

Scores at the end of the Jeopardy! Round:

Liz Evelyn Peter
$7,400 $2,800 $2,800

Double Jeopardy! Round responses

LANDS DOWN UNDER
AFI'S TOP 100 MOVIE QUOTES
THAT'S MY KID!
(Alex: We want you to name the dad.)
THE NUMBER 7
8-LETTER WORDS
WAKING THE BABY MAMMOTH
(Alex: And the baby mammoth's name is Lyuba, and a National Geographic special will be all about the baby mammoth this Sunday.)
    $400 2
Italy

Liz
    $400 7
The Graduate

Evelyn
    $400 21
(Alex: The father was [*], the father of her baby.)

Julius Caesar

Triple Stumper
    $400 16
seven years of bad luck

Peter
    $400 1
[Evelyn selected the first clue.]

squirrel

Liz
    $400 22
(mother's) milk

Evelyn
    $800 3
India

Liz
    $800 8
Top Gun

Evelyn
    $800 23
Mark Antony

Evelyn
    $800 17
The Seven Year Itch

Evelyn
    $800 12
nautical

Peter
    $800 27
fat

Peter
    $1200 4
Singapore

Triple Stumper
    $1200 9
Dirty Harry

Evelyn
    $1200 24
Czar Nicholas II

Liz
    $1200 18
Russia

Peter
    $1200 13
(Evelyn: What is velocity?)

a headwind

Evelyn
Triple Stumper
    $1200 28
(Peter: What are genes?)
(Alex: Umm, no.)
(Peter: What are chromosomes, chromosomes?)
(Alex: No.)

DNA

LizPeter
    $1600 5
South Africa

Evelyn
    $1600 10
Field of Dreams

Evelyn
    $1600 25
Robert Browning

Evelyn
    $1600 19
(Evelyn: What is highly successful people?)

highly effective

LizEvelyn
    $2,000 14
ricochet

Peter
    $1600 29
permafrost

Peter
    $3,000 6
(Evelyn: What are Ecuador and Guatemala?)

Belize & Guatemala

Evelyn
    $2000 11
Dirty Dancing

Liz
    $2000 26
(Alex: Minute to go.)

(John) Rolfe

Peter
    $2000 20
Japan

Liz
    $2000 15
cleavage

Triple Stumper
    $2000 30
the pleistocene epoch

Triple Stumper

Scores at the end of the Double Jeopardy! Round:

Liz Evelyn Peter
$17,000 $6,200 $10,400

[wagering suggestions for these scores]

Final Jeopardy! Round responses

SHAKESPEARE'S TITLE CHARACTERS
EvelynWho is Richard III?
$6,200
PeterWho is Richard III?
$2,800
LizWho is Richard III?
$3,801
Richard III

Final scores:

Liz Evelyn Peter
$20,801 $12,400 $13,200
2-day champion: $45,202 3rd place: $1,000 2nd place: $2,000

Game dynamics:

Coryat scores:

Liz Evelyn Peter
$16,600 $9,200 $10,000
22 R
(including 1 DD),
1 W
14 R,
4 W
(including 1 DD)
13 R
(including 1 DD),
2 W

Combined Coryat: $35,800

[game clues] [game scores] [suggest correction]

Game tape date: 2009-02-17
The J! Archive is created by fans, for fans. Scraping, republication, monetization, and malicious use prohibited; this site may use cookies and collect identifying information. See terms. The Jeopardy! game show and all elements thereof, including but not limited to copyright and trademark thereto, are the property of Jeopardy Productions, Inc. and are protected under law. This website is not affiliated with, sponsored by, or operated by Jeopardy Productions, Inc. Join the discussion at JBoard.tv.